000 00856nam a22002777a 4500
003 CHAP
005 20220329135644.0
008 971013c19941989 r 00010 d
010 _a40012
011 _a40984
035 _a45110
040 _cCHAP
082 _a631.53
_bT4
100 0 0 _aThompson, Peter.
_9112924
245 _aCreative propagation
_b: a grower's guide
260 _aPortland, Oregon :
_bTimber Press,
_c1994 [c.1989]
300 _a220 p.
_b: ilus.
590 _aBATCH-UPD
_b10
_c20130110
_lUCH01
_h1602
590 _aBATCH-UPD
_b10
_c20130410
_lUCH01
_h0958
590 _aBATCH-UPD
_b10
_c20130914
_lUCH01
_h1943
590 _aCONVERSION
_b10
_c20130109
_lUCH01
_h1322
650 1 4 _aPropagación de plantas.
_992417
901 _aBK
942 _cLIBRO
949 _a631.53 T4
_bBC
_cLIBRO
_d33724000003315
_eLIBRO
_gI.c/e
_h88354
_i45110
_si
_t92.12
999 _c40012
_d40012